| 000 | 00460cam a2200181ua 4500 | ||
|---|---|---|---|
| 020 | _c1.25 | ||
| 041 |
_amal _h |
||
| 082 |
_a894.8124 _bGOV/MA |
||
| 100 | _aGovindan, M . | ||
| 245 |
_aManushika moolyangal / _cM Govindan. _hTextual Documents |
||
| 260 |
_aErnamkulam : _bSahitya Parishad Co Operative Society Limited , _c1960. |
||
| 300 | _a107 ; . | ||
| 365 | _a1.25 | ||
| 504 | _a | ||
| 942 | _cBK | ||
| 999 |
_c5262 _d5262 |
||